Manažment výuky cudzích jazykov

Podobnosti v riadení podnikov a iných inštitúcií ako napr. vzdelávacích inštitúcií. Riadenie vzdelávacích inštitúcií. Manažment v inštitúciách, v ktorých sa vyučujú cudzie jazyky. Manažéri a ich vzdelávanie.

Guardado en:
Detalles Bibliográficos
Autor principal: Bričová, Zuzana
Otros Autores: Urbančíková, Kristína
Formato: Capítulo de libro
Lenguaje:eslovaco
Materias:
Etiquetas: Agregar Etiqueta
Sin Etiquetas, Sea el primero en etiquetar este registro!

MARC

LEADER 00000nla a2200000 4500
001 0164321
005 20240502072851.1
041 0 |a slo 
044 |a SK 
245 1 0 |a Manažment výuky cudzích jazykov  |c Zuzana Bričová, Kristína Urbančíková 
520 |a Podobnosti v riadení podnikov a iných inštitúcií ako napr. vzdelávacích inštitúcií. Riadenie vzdelávacích inštitúcií. Manažment v inštitúciách, v ktorých sa vyučujú cudzie jazyky. Manažéri a ich vzdelávanie. 
610 2 0 |a jazyky cudzie 
610 2 0 |a vyučovanie 
610 2 0 |a manažment 
610 2 0 |a vzdelávanie 
610 2 0 |a inštitúcie vzdelávacie 
100 1 |a Bričová, Zuzana 
700 1 |a Urbančíková, Kristína